000 00699nam a2200289Ia 4500
005 20260324142909.0
008 008 260324s9999 xx 000 0 eng d
020 _a9781315825816
037 _aEBOOK
040 _aCRL
040 _beng
040 _cCRL
041 _2eng
041 _aeng
084 _qCRL
100 _aJudith Landau-Stanton; Colleen D. Clements
_91213633
245 0 _aAIDS, Health, And Mental Health
245 2 _bA Primary Sourcebook
260 _bTaylor and Francis
260 _c1993
365 _a
365 _b145
856 _uhttp://www.taylorfrancis.com/books/9781315825816
942 _cEBOOK
999 _c1818388
_d1818388